000
00215 a2200097 4500
001
46742
100
_a
Jordan, J
245
_a
Modern nowal aviation
260
_a
London
_b
Salamander books
_c
090
_c
29836
_d
29836
942
_a
NUST-CAE
_c
M
_c
22042
999
_c
281815
_d
281815